| 000 | 02606nam a22002537a 4500 | ||
|---|---|---|---|
| 999 |
_c60618 _d60618 |
||
| 003 | Ge_BSU | ||
| 005 | 20230922103441.0 | ||
| 008 | 230922s2018 ge ||||| |||| 00| 0 geo d | ||
| 020 | _a9789941264283 | ||
| 041 | _ageo | ||
| 080 | _a070:63(075.8) კ-91 | ||
| 100 |
_aკუპრაშვილი, ნათია _919876 |
||
| 245 |
_aკონსტრუქციული აგროჟურნალისტიკა = Constructive agricultural journalism = Конструктивная агрожурналистика : _b[სახელმძღვანელო] / _cგამოცემის ავტორები: ნათია კუპრაშვილი, ნინო ჭალაგანიძე ; გამოცემის რედაქტორი ჰეზერ ბრიქსი ; თარგმანი: იანა ისრაელიანი, ოლგა დოროხინა, გიორგი რუხაძე ; გამოცემაზე პასუხისმგებელი ნუგზარ სუარიძე ; დიზაინი გიორგი გოგოხია ; ჟურნალისტიკის რესურსცენტრი, კავკასიის საერთაშორისო უნივერსიტეტი. |
||
| 264 |
_aთბილისი : _bუნივერსალი, _c2018. |
||
| 300 |
_a292 გვ. : _bილ. ; _c20 სმ. |
||
| 500 | _aყდა და ტექსტი ქართულ, რუსულ და ინგლისურ ენებზე. | ||
| 501 | _aსახელმძღვანელო მომზადდა კავკასიის საერთაშორისო უნივერსიტეტთან თანამშრომლობით, შვეიცარიის განვითარებისა და თანამშრომლობის სააგენტოს მხარდაჭერით. ყდაზე ავტორები მითითებულები არ არიან. | ||
| 653 | _aაგროჟურნალისტიკა | ||
| 700 |
_aჭალაგანიძე, ნინო _eავტორი _919877 |
||
| 700 |
_aბრიქსი, ჰეზერ _eრედაქტორი. _919878 |
||
| 700 |
_aისრაელიანი, იანა და სხვ. _eმთარგმნელი _919879 |
||
| 700 |
_aგოგოხია, გიორგი _eდიზაინერი _919880 |
||
| 942 |
_2udc _cBK |
||